Регионална библиотека "Любен Каравелов" - Русе

Зайчето от зюмбюления хълм (Запис номер 40423)

MARC детайли
000 -Лидер
Контролно поле с фиксирана дължина 01524nam a2200385 c 4500
003 - Код на организацията, давaща контролен номер
Контролно поле BLK
005 - Дата и час на последна редакция
Контролно поле 20211004111113.0
008 - Елементи от данни с фиксирана дължина
fixed length control field 180408b bul|||||r ||||||| ||bul||
010 ## - Наследен системен номер
LC control number KNG00043867000
020 ## - Международен стандартен номер на книга ISBN
Международен стандартен номер на книга ISBN 978-954-8999-24-3
-- издат.: Атеа Букс
040 ## - Източник на каталожния запис
Идентификатор на билиотеката - собственик на записа BLK
041 ## - Код за език
Код за езика на текст/звукозапис или на отделно заглавие Български
Код за езика КДБФ Български
072 #7 - Код за тематичната категория
Код организация bullib
Код за тематична категория Н85
Текст Детска художествена литература Н
080 ## - УДК
Текстов определител УДК Английска литература
УДК код - определител по УДК 821.111
УДК определител -93-34
УДК - код + определител 821.111-93-34
100 1# - Редна дума - Автор
Автор Престън, Тим
Авторска отговорност първи автор
R(LIN) 277208
139 ## - Редно поле
Редна дума Престън, Тим
Авторски знак Пред - П 86
245 10 - Сведения за заглавието
Заглавие Зайчето от зюмбюления хълм
Редно поле (дума) Тим Престън; ил. Лорна Хъсей; прев. Добринка Райнова.
257 ## - Страна на издаване
Страна на създаване/издаване Великобритания
260 ## - Област на издателските данни
-- София
Име на издателя, разпространителя и проч. Атеа Букс
Година на издаване 2011
Печатница София : Д. Благоев
300 ## - Физическа характеристика
Страници 24 с.
Илюстрации и др. с цв. ил.
Размери/Мащаб 21 см
380 ## - Жанр
Жанр Детска худож. лит.
490 1# - СЕРИИ (Колекции)
Име на серия Приказки за всеки ден
500 ## - Общи забележки
Забележка Ориг. загл. The Bunny of Bluebell Hill / Tim Preston.
653 ## - Ключова дума – ненормативна
Ключова дума приказки
653 ## - Ключова дума – ненормативна
Ключова дума литература за деца
653 ## - Ключова дума – ненормативна
Ключова дума детска литература
659 ## - Тематичен бюлетин
Тематичен бюлетин Н
700 1# - Други автори (авторска отговорност)
Лично име Хъсей, Лорна
Автороска отговорност (Описва отношението между автора и произведението) ил.
9 (RLIN) 138802
700 1# - Други автори (авторска отговорност)
Лично име Райнова, Добринка
Автороска отговорност (Описва отношението между автора и произведението) прев.
9 (RLIN) 277209
852 ## - Местоположение
Форматна сигнатура Цб 254011
856 4# - Електронен адрес и достъп
Електронен формат pdf - файл
Път до файла /url/
856 4# - Електронен адрес и достъп
Електронен формат pdf - файл
Път до файла /url/
942 ## - АРТИКУЛИ
Вид на библиотечния материал Книги
Скрит в OPAC Не
Koha issues (borrowed), all copies 19
944 ## - СЪЗДАВАНЕ И РЕДАКЦИЯ на ЗАПИСА
Създаване/Редакция Създаване
Дата на регистрацията/редакция 16.12.2011
Статус, дата на статуса ф /
Служител, извършил регистрацията/редакцията Пенка_Димитрова
944 ## - СЪЗДАВАНЕ И РЕДАКЦИЯ на ЗАПИСА
Създаване/Редакция Редакция
Дата на регистрацията/редакция 23.12.2016
Статус, дата на статуса ф /
Служител, извършил регистрацията/редакцията Людмила_Стоянова
999 ## - СИСТЕМНИ КОНТРОЛНИ НОМЕРА
Koha biblionumber 40423
Koha biblioitemnumber 40423
Наличности
Код за отписване Код за изгубен артикул Източник на класификационната схема Код за повреда Коз за рестрикции Код за отдаване Артикулен № Име на библиотеката - собственик Име на библиотеката, в която се намира в момента Статус (Текущо местоположение) Дата на вписване в системата Местоположение - отдел Цена в лева Инвентарен номер Систематично азбучна сигнатура Баркод Номер на екземпляра Цена в евро Служебна бележка Служебен тип на артикула
Изтеглен Не е изгубен Universal Decimal Classification Не е повреден без рестрикции заемане за дома 63237 Регионална библиотека "Любен Каравелов" Русе Регионална библиотека "Любен Каравелов" Русе Детски отдел 2011-12-16 Детски отдел 9.40 120000755204 ДН 820/899/П 86 120000755204 1 4.81 Дост: Pk Вид: Ф N: 251 Дата: 15.12.2011 Дата инв: 14.08.2015 Бележки инв: Д2015 Книги
  Не е изгубен   Не е повреден без рестрикции ползва се в читалня 63238 Регионална библиотека "Любен Каравелов" Русе Регионална библиотека "Любен Каравелов" Русе Хранилище 2013-06-07 Хранилище 9.40 120000766706 Цб 254011 120000766706 2 4.81 Дост: Dp Вид: Д N: 5 Дата: 03.02.2012 Книги
  Не е изгубен   Не е повреден без рестрикции заемане за дома 63239 Регионална библиотека "Любен Каравелов" Русе Регионална библиотека "Любен Каравелов" Русе Детски отдел 2016-12-21 Детски отдел 9.40 120000806769 ДН 820/899/П 86 120000806769 3 4.81 Дост: Pk Вид: Ф N: 475 Дата: 19.12.2016 Книги
Vip Innovations Ltd, Rousse, Bulgaria 2025